Stoa vetus et nova /
Uložené v:
| Hlavný autor: | |
|---|---|
| Ďalší autori: | |
| Médium: | Kniha |
| Jazyk: | Latin Slovak |
| Vydané: |
Trnava :
Filozofická fakulta Trnavskej univerzity,
2009.
|
| Vydanie: | Vyd. 1. |
| Edícia: | Scrinium latino-slovacum
|
| Témy: | |
| ISBN: |
9788080822224 (brož.) |
| Fyzický popis: |
165 s. ; 21 cm. |
| Tagy: |
Pridať tag
Žiadne tagy, Buďte prvý kto otaguje tento záznam!
|
Titul je dostupný aj v ... 

MARC
| LEADER | 00000nam a2200000 a 4500 | ||
|---|---|---|---|
| 001 | 000365607 | ||
| 005 | 20151112111717.0 | ||
| 008 | 100714s2009 xo g 001 0 lat d | ||
| 020 | |a 9788080822224 (brož.) | ||
| 040 | |a SVKKK |b slo |c SVKKK |e AACR2 | ||
| 041 | 1 | |a lat |a slo |h lat | |
| 043 | |a e-xo--- | ||
| 044 | |a xo |c SK | ||
| 072 | 7 | |a 14 |x Filozofické systémy a hľadiská |2 konspekt | |
| 080 | |a 27-789.5 |2 2001 | ||
| 080 | |a 378.4 |2 2001 | ||
| 080 | |a 2-1:101 |2 2001 | ||
| 080 | |a 17.022.1 |2 2001 | ||
| 080 | |a 141.2(37/38) |2 2001 | ||
| 080 | |a 14:27 |2 2001 | ||
| 080 | |a (437.6) |2 2001 | ||
| 080 | |a (048.8) |2 2001 | ||
| 080 | |a (049) | ||
| 100 | 1 | |a Kazi, Ján, |d 1686-1759 | |
| 245 | 1 | 0 | |a Stoa vetus et nova / |c Johannes Kazi ; edidit Daniel Škoviera. |
| 246 | 3 | 1 | |a Stará a nová stoa |
| 250 | |a Vyd. 1. | ||
| 260 | |a Trnava : |b Filozofická fakulta Trnavskej univerzity, |c 2009. | ||
| 300 | |a 165 s. ; |c 21 cm. | ||
| 490 | 1 | |a Scrinium latino-slovacum | |
| 500 | |a Preklad z lat. | ||
| 504 | |a Register: s. 160-165 | ||
| 546 | |a Súbežný názov a text aj slov. | ||
| 600 | 1 | 7 | |a Kazi, Ján, |d 1686-1759. |t Stoa vetus et nova |2 SVKKKMA |
| 610 | 2 | 7 | |a Trnavská univerzita (Trnava, Slovensko) |2 SVKKKKKA |
| 648 | 7 | |a 1686-1759 |2 SVKKKPH | |
| 648 | 7 | |a 1710 |2 SVKKKPH | |
| 650 | 0 | 7 | |a jezuiti |2 SVKKKPH |
| 650 | 0 | 7 | |a univerzity |2 SVKKKPH |
| 650 | 0 | 7 | |a teológia a filozofia |2 SVKKKPH |
| 650 | 0 | 7 | |a morálne hodnoty |2 SVKKKPH |
| 650 | 0 | 7 | |a stoicizmus |2 SVKKKPH |
| 650 | 0 | 7 | |a kresťanská filozofia |2 SVKKKPH |
| 651 | 7 | |a Slovensko |2 SVKKKPH | |
| 651 | 7 | |a Trnava (Slovensko) |2 SVKKKPH | |
| 655 | 7 | |a štúdie |2 SVKKKPH | |
| 655 | 7 | |a pojednania |2 SVKKKPH | |
| 700 | 1 | |a Škoviera, Daniel, |d 1946- |4 trl | |
| 830 | 0 | |a Scrinium latino-slovacum | |
| 910 | |a svkkk | ||
| 919 | |a 978-80-8082-222-4 | ||
| 998 | |a BK | ||
| 090 | |g SCKHL |k Sklad Hlavná 10 prízemie |a III.218215 |j 1022820 |i 2720227360 |s Absenčne | ||
| 090 | |g SCKHL |k Sklad Hlavná 10 prízemie |a III.233682 |j 1065652 |i 2720292755 |s Absenčne | ||